[Event "Villa Helenenhof op"]
[Site "Bad Schwalbach"]
[Date "2009.10.14"]
[Round "4"]
[White "Stecher, Armin"]
[Black "Kalbhenn, Josef"]
[Result "1/2-1/2"]
[WhiteElo "1476"]
[BlackElo "1412"]
[PlyCount "50"]
[EventDate "2009.10.12"]
[EventType "swiss"]
[EventRounds "9"]
[EventCountry "GER"]
[SourceTitle "CBM 132 Extra"]
[Source "ChessBase"]
[SourceDate "2009.11.03"]
[SourceVersion "1"]
[SourceVersionDate "2009.11.03"]
[SourceQuality "1"]

1. e4 e6 2. d4 d5 3. exd5 exd5 4. Nf3 Nf6 5. h3 g6 6. Bd3 Bg7 7. 0-0 0-0 8. Be3 c6 9. Nbd2 Nbd7 10. c3 Re8 11. Qc2 Nh5 12. Nb3 f5 13. Rfe1 Nhf6 14. Bg5 Qc7 15. Rxe8+ Nxe8 16. Re1 Nef6 17. Bxf6 Nxf6 18. c4 Qd6 19. cxd5 Nxd5 20. Bc4 Be6 21. Nc5 Re8 22. Nxe6 Rxe6 23. Rxe6 Qxe6 24. a3 Kf8 25. Bxd5 Qxd5 1/2-1/2

[Event "Villa Helenenhof op"]
[Site "Bad Schwalbach"]
[Date "2009.10.13"]
[Round "2"]
[White "Kalbhenn, Josef"]
[Black "Aurin, Werner"]
[Result "1-0"]
[WhiteElo "1412"]
[BlackElo "1494"]
[PlyCount "83"]
[EventDate "2009.10.12"]
[EventType "swiss"]
[EventRounds "9"]
[EventCountry "GER"]
[SourceTitle "CBM 132 Extra"]
[Source "ChessBase"]
[SourceDate "2009.11.03"]
[SourceVersion "1"]
[SourceVersionDate "2009.11.03"]
[SourceQuality "1"]

1. d4 Nf6 2. c4 c5 3. d5 b5 4. b3 d6 5. Bb2 Nbd7 6. Nd2 g6 7. Qc2 Bg7 8. e4 0-0 9. cxb5 a6 10. bxa6 Bxa6 11. Bxa6 Rxa6 12. Ne2 Qa5 13. 0-0 Rfa8 14. Nc4 Qb5 15. a4 Qb7 16. Nc3 Rb8 17. Nb5 Raa8 18. Bc3 Qc8 19. f3 Rb7 20. Na5 Rb6 21. Nc6 Kf8 22. g3 Nb8 23. Nxb8 Rbxb8 24. Kg2 Bh6 25. Bxf6 exf6 26. Nxd6 Qc7 27. Nc4 Bg7 28. Rad1 Qc8 29. d6 Ra7 30. Rd5 Qe6 31. Rfd1 Ke8 32. d7+ Kd8 33. Rxc5 Rxd7 34. Rxd7+ Kxd7 35. Qd3+ Ke8 36. Rd5 Ke7 37. Rd6 Qc8 38. Nb6 Qe8 39. Rd7+ Kf8 40. Qd6+ Kg8 41. Nd5 Qc8 42. Ne7+ 1-0

[Event "Hessen-ch Gr-E"]
[Site "Idstein"]
[Date "2009.04.11"]
[Round "4"]
[White "Kalbhenn, Josef"]
[Black "Koch, Thomas2"]
[Result "0-1"]
[WhiteElo "1447"]
[BlackElo "1432"]
[PlyCount "80"]
[EventDate "2009.04.10"]
[EventType "swiss"]
[EventRounds "5"]
[EventCountry "GER"]
[SourceTitle "EXT 2010"]
[Source "ChessBase"]
[SourceDate "2010.11.25"]
[SourceVersion "1"]
[SourceVersionDate "2010.11.25"]
[SourceQuality "1"]

1. d4 f5 2. c4 Nf6 3. Nf3 g6 4. Nc3 Bg7 5. h3 0-0 6. Bf4 d6 7. e3 Qe8 8. Be2 Nbd7 9. 0-0 e5 10. dxe5 dxe5 11. Bh2 e4 12. Nd4 c6 13. Rc1 a6 14. b4 Ne5 15. Qb3 h6 16. c5+ Kh7 17. Bc4 Nh5 18. Rfd1 Nxc4 19. Qxc4 f4 20. exf4 Nxf4 21. Bxf4 Rxf4 22. Nce2 Rf6 23. a4 Qf8 24. Rf1 Bd7 25. Qc2 Re8 26. Rcd1 e3 27. fxe3 Rxe3 28. Rxf6 Qxf6 29. Nf3 Bf5 30. Qd2 Rd3 31. Qe1 Rxd1 32. Qxd1 Bxh3 33. Ng3 Bg4 34. Qd3 Bxf3 35. gxf3 Qa1+ 36. Kg2 Qxa4 37. Nh5 Qa2+ 38. Kh3 Qe6+ 39. Kg2 Qd5 40. Nf4 Qg5+ 0-1

[Event "Hessen-ch Gr-E"]
[Site "Idstein"]
[Date "2009.04.11"]
[Round "3"]
[White "Richter, Edgar"]
[Black "Kalbhenn, Josef"]
[Result "0-1"]
[WhiteElo "1311"]
[BlackElo "1447"]
[PlyCount "100"]
[EventDate "2009.04.10"]
[EventType "swiss"]
[EventRounds "5"]
[EventCountry "GER"]
[SourceTitle "EXT 2010"]
[Source "ChessBase"]
[SourceDate "2010.11.25"]
[SourceVersion "1"]
[SourceVersionDate "2010.11.25"]
[SourceQuality "1"]

1. d4 Nf6 2. Nf3 g6 3. b3 Bg7 4. Bb2 0-0 5. Nbd2 d6 6. g3 b6 7. Bg2 Bb7 8. 0-0 Nbd7 9. c4 Ne4 10. Qc2 Ndf6 11. d5 Nxd2 12. Nxd2 Rc8 13. Ne4 Nxe4 14. Bxg7 Kxg7 15. Qxe4 Kg8 16. Qd4 c6 17. dxc6 Bxc6 18. e4 e5 19. Qe3 Rc7 20. Rad1 Rd7 21. Rd2 f5 22. exf5 Bxg2 23. Kxg2 Rxf5 24. f4 Qa8+ 25. Kg1 Qf8 26. Rdf2 Rdf7 27. Qd3 exf4 28. Rxf4 Rxf4 29. Rxf4 Rxf4 30. gxf4 Qxf4 31. Qd5+ Kg7 32. Qb7+ Qf7 33. Qe4 h5 34. h4 Kh7 35. Kg2 Qd7 36. Qc2 Qb7+ 37. Kg3 Qe7 38. Qf2 Kg7 39. a4 Qe5+ 40. Qf4 Qxf4+ 41. Kxf4 Kf6 42. b4 a6 43. b5 a5 44. Ke4 g5 45. hxg5+ Kxg5 46. Kd5 h4 47. Kxd6 h3 48. c5 bxc5 49. b6 h2 50. b7 h1Q 0-1

[Event "Hessen-ch Gr-E"]
[Site "Idstein"]
[Date "2009.04.10"]
[Round "2"]
[White "Kalbhenn, Josef"]
[Black "Felczer, David"]
[Result "1/2-1/2"]
[WhiteElo "1447"]
[BlackElo "1353"]
[PlyCount "61"]
[EventDate "2009.04.10"]
[EventType "swiss"]
[EventRounds "5"]
[EventCountry "GER"]
[SourceTitle "EXT 2010"]
[Source "ChessBase"]
[SourceDate "2010.11.25"]
[SourceVersion "1"]
[SourceVersionDate "2010.11.25"]
[SourceQuality "1"]

1. d4 Nf6 2. c4 e6 3. Nc3 Bb4 4. Bd2 b6 5. Nf3 Bb7 6. e3 d5 7. cxd5 Nxd5 8. Nxd5 Bxd2+ 9. Qxd2 Qxd5 10. Be2 Nd7 11. 0-0 0-0 12. b3 Rac8 13. Bc4 Qh5 14. Be2 Qg6 15. g3 Rfd8 16. Nh4 Qh6 17. Bf3 Bxf3 18. Nxf3 Qf6 19. Qe2 c5 20. Rac1 cxd4 21. Nxd4 Nc5 22. Rfd1 h6 23. Qf3 Qxf3 24. Nxf3 Kf8 25. Kg2 Ke8 26. Ne5 f6 27. Nc4 Rxd1 28. Rxd1 Rd8 29. Rd6 Rxd6 30. Nxd6+ Kd7 31. Nb5 1/2-1/2